Fortificació de campanya
Descripción Física:
24 p. : il. ; 21 cm
Colección:
Document n. 5. Secció: Ensenyament
Materias:
Fortificacions -- Catalunya
MARC
| LEADER | 00000nam a2200000Ia 4500 | ||
|---|---|---|---|
| 001 | 15919 | ||
| 008 | 160829s1925 xx 000 0 cat d | ||
| 080 | |a RF-12-47 | ||
| 100 | |a Catalunya. Exèrcit |9 39100 | ||
| 245 | |a Fortificació de campanya | ||
| 260 | |a [Barcelona] : |b Publicacions de l'Estat Català, |c 1925 | ||
| 300 | |a 24 p. : |b il. ; |c 21 cm | ||
| 490 | |a Document n. 5. Secció: Ensenyament | ||
| 590 | |a Precedeix al títol: Exèrcit català | ||
| 650 | |a Fortificacions |x Catalunya |9 39101 | ||
| 856 | 4 | |u https://media.diba.cat/diba/fitxers/arxiu/fulletons/bib_15919_1925_baixa.pdf |y Accés lliure | |
| 856 | 4 | |u https://media.diba.cat/diba/fitxers/arxiu/fulletons/bib_15919_1925_baixa.pdf |y Accés lliure | |
| 901 | |a Arxiu | ||
| 942 | |n 1 |2 udc | ||
| 952 | |0 0 |1 0 |4 0 |6 RF1247 |7 1 |9 48799 |a Arxiu |b Arxiu |d 2016-12-01 |l 0 |o RF-12-47 |p 15919 |r 2016-12-01 00:00:00 |w 2016-12-01 |y ARXIU | ||
| 999 | |c 52632 |d 52632 | ||
| 900 | |a bib_15919_1925_baixa.pdf | ||